| 000 | 00827cam a2200217 a 4500 | ||
|---|---|---|---|
| 001 | 3827233 | ||
| 005 | 20180124071809.0 | ||
| 008 | 860122s1985 dcua b 100 0 eng | ||
| 010 | _a 86107440 | ||
| 040 |
_aDLC _cDLC _dDLC |
||
| 041 | _aeng | ||
| 080 | _a640 NIC | ||
| 082 | 0 | 0 |
_a640 NIC _219 |
| 100 | _a53 | ||
| 101 | _aMEN | ||
| 245 | 0 | 4 |
_aThe Balancing act : _cSharon Y. Nickols, editor ; Sue E. Williams, workshop chair. |
| 504 | _aIncludes bibliographies. | ||
| 740 | 0 | _aThinking globally/acting locally. | |
| 906 |
_a7 _bcbc _corignew _d2 _encip _f19 _gy-gencatlg |
||
| 942 |
_2ddc _cBK |
||
| 999 |
_c40855 _d40855 |
||